000 00588nam a22002297a 4500
003 UA-OsUOA
001 85140
007 ta
008 20120619b un ||||| |||| 00| 0 ukr d
100 _aТурко К.
090 _a821.161.2
_bТ88
942 _cBK
040 _aUA-OsUOA
_bukr
_cUA-OsUOA
_dUA-OsUOA
245 _aХодіть зі мною
_bчитанка
300 _a218 с.
955 _a2
041 _aukr
080 _a821.161.2
260 _aЕдмонтон
_c1978
650 7 _a82 Література. Літературознавство
_2UDC
999 _c371450
_d371450